Geography Questions #6: Alphabet Capitals Part 2 - Statistics

General Stats
  • This quiz has been taken 64 times
  • The average score is 8 of 9
Answer Stats
Country Capital % Correct
Russia Moscow
100%
Uruguay Montevideo
98%
Turkey Ankara
97%
Vietnam Ha Noi
94%
Pakistan Islamabad
92%
Qatar Doha
83%
Yemen Sana'a
76%
Zimbabwe Harare
75%
Suriname Paramaribo
63%
No matching quizzes found
Score Distribution
Percent of People with Each Score
Percentile by Number Answered
Your Score History
You have not taken this quiz